000 01687nam a2200361 b 4500
001 0608576
003 DO-SdBPM
005 20260311135834.0
007 ta
008 970416s1996 sp | ||| ||spa
017 _b
035 _a
040 _aDO-SdBPM
_bspa
_cBPMSU
_e rda
041 1 _aspa
_h
080 0 _a
080 0 _a
082 0 4 _a591.77
_bB877r 1996
_222
100 1 _aBrower, Kenneth
_eautor
_4aut.
245 1 4 _aLos reinos del mar /
_cpor Kenneth Brower
_h
264 _aWashington :
_bNational Geogrphic Society.
_c1996
300 _a160 páginas :
_bilustraciones ;
_c28 cm
336 _atexto
_btxt
_2rdacontent
337 _asin mediación
_bn
_2rdamedia
338 _avolumen
_bnc
_2rdacarrier
505 0 _aFascículo 1 El mundo oceánico. -- Fascículo 2 Los grandes señores del mar.-- Fascículo 3 Gigantes en movimiento. -- Fascículo 4 Los mares tropicales. -- Fascículo 5 Paraísos de coral. -- Fascículo 6 Los mares templados. -- Fascículo 7 Sinfonía de colores y formas. -- Fascículo 8 Los mares polares. -- Fascículo 9 La vida entre los hielos. -- Fascículo 10 El Oceáno profundo. Fascículo 11 Explorando los fondos abisales. -- Fascículo 12 El mara abierto y las islas. -- Fascículo 13 El oceáno fuente de todo. -- Fascículo 14 El panda gigante. -- Fascículo 15 El frailecillo. -- Fascículo 16 El lobo ártico. -- Fascículo 17 Ranas venenosas. $aFauna marina. $2BLAAUTO
590 _aInventariado, 2026/VM
650 7 _aBiología marina
_2
650 7 _aMares y océanos
_2
650 7 _aFauna marina
710 2 _aNational Geographic Society
910 _aVMateo V. Control de calidad BPMSU
942 _2ddc
_cBK
999 _c9810
_d9810